|
|
|
|
| LEADER |
00000cam a2200000 a 4500 |
| 001 |
vtls001160955 |
| 003 |
SK-MaSNL |
| 005 |
20260301063250.0 |
| 008 |
240226s1947 xo fr2 000 0 slo |
| 015 |
|
|
|a SNBA1947
|
| 020 |
|
|
|q (brožované)
|
| 035 |
|
|
|a SNK000103862
|
| 035 |
|
|
|a C337DD0B-9D40-46CF-947B-C6766F9009FE
|
| 035 |
|
|
|a urn:nbn:sk:snk-am00ibj2
|
| 040 |
|
|
|a SNK
|b slo
|c SNK
|e AACR2
|
| 041 |
0 |
|
|a slo
|
| 044 |
|
|
|a xo
|c SK
|
| 072 |
|
7 |
|a 7.01/.09
|x Umenie
|2 konspekt
|
| 080 |
|
|
|a 371.036:373
|2 1997
|
| 080 |
|
|
|a 7.01/.09:37.016
|2 2011
|
| 080 |
|
|
|a 37.016.026
|2 2011
|
| 080 |
|
|
|a 373.5+377
|2 2011
|
| 080 |
|
|
|a (048.8)
|2 2011
|
| 080 |
|
|
|a (04)
|2 2011
|
| 100 |
1 |
|
|a Bakoš, Mikuláš,
|d 1914-1972
|4 aut
|9 105579
|
| 245 |
1 |
0 |
|a Estetická výchova na strednej škole
|c Mikuláš Bakoš
|
| 260 |
|
|
|a [Slovensko?]
|b [vydavateľ nie je známy]
|c [1947]
|
| 300 |
|
|
|a 7 strán
|c 24 cm
|
| 500 |
|
|
|a Zvláštny odtlačok časopisu Jednotná škola, Roč. 3., č. 5
|
| 650 |
0 |
7 |
|a estetická výchova
|2 SNKPH
|9 66289
|
| 650 |
0 |
7 |
|a didaktika vyučovacích predmetov
|2 SNKPH
|9 4030
|
| 650 |
0 |
7 |
|a stredné školy
|2 SNKPH
|9 1279
|
| 655 |
|
7 |
|a štúdie
|2 SNKPH
|9 57033
|
| 655 |
|
7 |
|a separáty
|2 SNKPH
|9 70334
|
| 787 |
0 |
8 |
|i Separátny odtlačok z:
|t Jednotná škola
|g Roč. 3., č. 5
|
| 852 |
|
|
|a Slovenská národná knižnica
|
| 954 |
|
|
|a odborná, vedecká literatúra pôvodná (slovenská)
|2 lita
|
| 958 |
|
|
|a OND
|
| 958 |
|
|
|a RK
|
| 958 |
|
|
|a EUIPO
|
| 999 |
|
|
|c 623458
|d 625388
|
| 952 |
|
|
|a SNK
|b SNK
|y PREZ
|7 0
|p 17A0167116
|o snkSC 49691
|i snkK 2474/80
|8 3
|0 0
|1 0
|4 0
|d 1998-11-13
|f 1
|l 0
|r 2025-10-31 00:00:00
|w 2026-02-23
|